Music Quiz

Random Music or Kpop Quiz

Guess Kdrama OST [Part II] Quiz Stats

 Plays Quiz not verified by Sporcle

Score 0/24 Timer 15:00
0 Plays Today
Time Drama Title % Correct
00:40-00:50Goblin
67.4%
03:50-04:00Boys Over Flowers
56.2%
03:30-03:40The Heirs
56%
00:20-00:30W
47.1%
01:00-01:10Scarlet Heart Ryeo
39.9%
00:50-01:00Pinocchio
36%
02:40-02:50Full House
27.5%
02:30-02:40To The Beautiful You
25.6%
01:20-01:30Playful Kiss
24.2%
01:10-01:20Moonlight Drawn By Clouds
23.4%
02:20-02:30Reply 1988
23.4%
01:30:01:40Uncontrollably Fond
22.9%
Time Drama Title % Correct
00:00-00:10Entertainer
20.9%
03:40-03:50Personal Taste
16.5%
03:20-03:30Gu Family Book
15.9%
01:50-02.00Sungkyunkwan Scandal
13.8%
00:10-00:20Missing Nine
13.4%
03:00-03:10Doctor Stranger
12%
00:30-00:40Reply 1994
11.2%
02:00-02:10That Winter, The Wind Blows
10.9%
03:10-03:20High School King of Savvy
4.3%
01:40-01:503 Days
4.1%
02:50-03:00The Queen's Classroom
3.1%
02:10-02:20Bel Ami
2.9%

You're not logged in!

Compare scores with friends on all Sporcle quizzes.
OR
Log In

You Might Also Like...

Show Comments

Extras

Top Quizzes Today


Score Distribution

Your Account Isn't Verified!

In order to create a playlist on Sporcle, you need to verify the email address you used during registration. Go to your Sporcle Settings to finish the process.

Report this User

Report this user for behavior that violates our Community Guidelines.

Details: